| 000 | 00899nam a2200241 a 4500 | ||
|---|---|---|---|
| 001 | BRCA_1710 | ||
| 005 | 20190320203522.0 | ||
| 008 | 930408s1992 mx-a---###---#000-0#spa-# | ||
| 020 | _a9686272046 | ||
| 040 |
_aDLC _cDLC _dDLC |
||
| 050 | 4 |
_aTR140.K34 _b.G85 1992 |
|
| 245 | 1 | 0 |
_aGuillermo Kahlo _bfotógrafo oficial de monumentos _ctextos Jorge Alberto Manrique, Alfonso Morales, Servando Aréchiga ; selección, edición y diseño David Maawad, Alicia Ahumada. |
| 260 |
_aMéxico _bCasa de las Imágenes _c1992 |
||
| 300 |
_a175 p. _bil. _c31 cm. |
||
| 600 | 1 | 4 |
_aKahlo, Guillermo _95345 |
| 650 | 1 | 4 |
_aFotografía arquitectónica _zMéxico _95346 |
| 650 | 1 | 4 |
_aMonumentos históricos _xTrabajos Ilustrados _zMéxico _93837 |
| 700 | 1 |
_aManrique, Jorge Alberto _92318 |
|
| 700 | 1 |
_aKahlo, Guillermo _95345 |
|
| 700 | 1 |
_aMorales, Alfonso _95347 |
|
| 700 | 1 |
_aAréchiga, Servando _95348 |
|
| 942 |
_2lcc _cB |
||
| 999 |
_c1500 _d1500 |
||